| 000 | 00639nam a2200193 i 4500 | ||
|---|---|---|---|
| 001 | 146320 | ||
| 003 | ES-MaACL | ||
| 005 | 20230906201506.0 | ||
| 007 | t| | ||
| 008 | 070906s1961 sp ||||1| spa d | ||
| 080 | _a849.9-23"19" | ||
| 100 | 1 |
_aTrías Fabregas, Juan. _9111377 |
|
| 245 | 1 | 3 |
_aEl cartero Holböll _b: fantasía en un acto y en verso escrita en catalán / _cpor Juan Trías Fabregas y vertida al castellano por Juan Muñoz García. |
| 250 | _a2ª ed. | ||
| 260 |
_aMadrid : _bPrensa Española, _c1961. |
||
| 300 |
_a62 p. ; _c18 cm. |
||
| 700 | 1 |
_aMuñoz García, Juan. _984423 |
|
| 852 |
_aES-MaACL _jC-20166 _bR.48544 |
||
| 999 |
_c146320 _d146320 |
||